000 00405nam a2200169Ia 4500
008 230711s9999||||xx |||||||||||||| ||und||
020 _a978-93-8061-831-9
041 _aENG
082 _a547
_bAH-O
100 _aAhluwalia,V.K
245 0 _aOxidation in organic synthesis
250 _a1st Ed.
260 _c2017
_aNew Delhi
_bAne Books Pvt.Ltd
300 _a323p.
650 _aChemistry
942 _cBK
999 _c6191
_d6191